Rural households in the stratification system of the Slovak society

Problematika postavenia vidieckych domácností v stratifikačnom systéme postsocialistickej slovenskej spoločnosti. Na príklade spracovania empirických dát z dotazníkového výskumu vidieckych domácností v troch okresoch (Topoľčany, Sabinov, Senec) je porovnávané zaradenie domácností v rámci materiálnej...

Ausführliche Beschreibung

Gespeichert in:
Bibliographische Detailangaben
1. Verfasser: Moravčíková, Danuša
Weitere Verfasser: Hanová, Martina, Klimentová, Katarína
Format: Buchkapitel
Sprache:Englisch
Schlagworte:
Tags: Tag hinzufügen
Keine Tags, Fügen Sie das erste Tag hinzu!

MARC

LEADER 00000naa$a2200000$$$4500
001 0063364
005 20231128141445.6
041 0 |a eng 
044 |a CZ 
245 1 0 |a Rural households in the stratification system of the Slovak society  |c Danka Moravčíková, Martina Hanová, Katarína Klimentová 
520 |a Problematika postavenia vidieckych domácností v stratifikačnom systéme postsocialistickej slovenskej spoločnosti. Na príklade spracovania empirických dát z dotazníkového výskumu vidieckych domácností v troch okresoch (Topoľčany, Sabinov, Senec) je porovnávané zaradenie domácností v rámci materiálnej a sociokultúrnej línie prostredníctvom vybraných indikátorov. Analýza poukazuje na nekonzistentnosť rozvrstvenia vidieckych domácností podľa materiálno-príjmového statusu a podľa ich vzdelanostnej, populačnej a socioekonomickej kvality, ktorá je výrazne podmienená regionálnou polohou a situáciou. V závere sú charakterizované reprezentatívne typy vidieckych domácností pre jednotlivé spoločenské vrstvy. 
610 2 0 |a domácnosti 
610 2 0 |a vidiek 
610 2 0 |a Slovensko 
610 2 0 |a stratifikácia sociálna 
610 2 0 |a regióny 
100 1 |a Moravčíková, Danuša 
700 1 |a Hanová, Martina 
700 1 |a Klimentová, Katarína